| Tag |
First Indicator |
Second Indicator |
Subfields |
| LEADER |
00000cas a2200000Ia 4500 |
| 001 |
in00000940607 |
| 005 |
20150925132029.0 |
| 007 |
hd afb---bucu |
| 008 |
840801d17851786paucr nea 0 0eng d |
| 035 |
|
|
|a (OCoLC)ocm32765462
|
| 040 |
|
|
|a DLM
|c DLM
|d ORU
|d OCL
|d MNM
|d OCLCO
|d TXA
|d UtOrBLW
|
| 043 |
|
|
|a n-us-pa
|
| 049 |
|
|
|a TXAM
|
| 050 |
|
4 |
|a AN2.P4
|b P74
|
| 099 |
|
|
|a film
|a N
|a 484 reel 12
|
| 245 |
0 |
4 |
|a The Pennsylvania evening herald, and the American monitor.
|
| 246 |
3 |
|
|a Pennsylvania evening herald
|
| 246 |
3 |
|
|a American monitor
|
| 264 |
|
1 |
|a Philadelphia, Pa. :
|b Carey, Talbot, and Spotswood,
|c 1785-1786.
|
| 300 |
|
|
|a 3 volumes ;
|c 47 cm.
|
| 310 |
|
|
|a Semiweekly
|
| 336 |
|
|
|a text
|b txt
|2 rdacontent
|
| 337 |
|
|
|a microform
|b h
|2 rdamedia
|
| 338 |
|
|
|a microfilm reel
|b hd
|2 rdacarrier
|
| 362 |
0 |
|
|a Vol. 1, no. 18 (Mar. 26, 1785)-v. 1, no. 52 (July 23, 1785) ; v. 2, no. 1 (July 27, 1785)-v. 3, no. 36 (May 27, 1786) = Total no. 53-140.
|
| 515 |
|
|
|a Mar. 26, 1785-July 23, 1785 constitutes vol. 1, no. 18-52; July 27, 1785-May 27, 1786 constitutes vol. 2, no. 1, total no. 53-vol. 3, no. 36, total no. 140.
|
| 525 |
|
|
|a Supplements accompany Nov. 5, 1785 and May 10, 1786.
|
| 555 |
|
|
|a Subject index: Mar. 26, 1785-May 27, 1786.
|
| 588 |
|
|
|a Description based on: Vol. 1, no. 18 (Mar. 26, 1785); title from masthead.
|
| 588 |
|
|
|a Latest issue consulted: Vol. 3, no. 36 (May 27, 1786) = total no. 140.
|
| 533 |
|
|
|a Microfilm.
|m v.1-3 (1875-1876)
|b Philadelphia, Pa. :
|c Microsurance Corp.,
|d 1955.
|e 1 microfilm reel ; 35 mm.
|n Filmed on 1 reel with earlier and later titles.
|
| 500 |
|
|
|a Microform.
|
| 651 |
|
0 |
|a Philadelphia (Pa.)
|v Newspapers.
|
| 752 |
|
|
|a United States
|b Pennsylvania
|c Philadelphia
|d Philadelphia.
|
| 776 |
0 |
|
|c Original
|w (DLC)sn 84024550
|w (OCoLC)11011265
|
| 780 |
0 |
0 |
|t Carey's Pennsylvania evening herald
|w (OCoLC)32765367
|
| 785 |
0 |
0 |
|t Pennsylvania herald, and general advertiser
|w (OCoLC)32765678
|
| 994 |
|
|
|a C0
|b TXA
|
| 949 |
|
|
|a updated
|b h
|c 2013/3/7
|e coplinger
|f 11:48:52 am
|
| 999 |
|
|
|a MARS
|
| 999 |
f |
f |
|s 45c1d447-3dd1-36f2-b4d0-348c8b779185
|i b1017036-f2bc-3100-a8eb-80ecfa364813
|t 0
|
| 952 |
f |
f |
|p default
|a Texas A&M University
|b College Station
|c Sterling C. Evans Library
|d Evans: Microforms (3rd floor)
|t 0
|e film N 484 reel 12
|h Other scheme
|i microform -- microfilm reel
|
| 998 |
f |
f |
|a film N 484 reel 12
|s 1785:Mar.26-1786:May 27
|t 0
|l Evans: Microforms (3rd floor)
|